01836 2200373 4500001002100000005001500021035002000036007000300056008004100059020002200100082000800122084001400130100002300144245021400167250001700381300003800398650000800436650000800444650004200452650003400494700002900528700002900557700003000586700002500616700002900641700002800670520059900698264003901297336002101336337003001357338002301387740004301410990000901453INLIS00000000000300020260406073005 a0010-0426000014ta260406 g 0 ind  a978-979-3535-26-5 a030 a030 HEN e0 aHenry PePengarang1 aENSIKLOPEDIA PENGETAHUAN POPULER : Ensiklopedia IPA dan IPS untuk Pelajar Unggulan Jilid 3: Jepang-Musik /cHenry P., Sisilia Rini, Bayu Nugroho ; penyunting, Johan Aguston, Rizky R., Rahmat Salim, M. Surianto aCetakan 2017 a288 halaman :bilustrasi ;c30 cm 4aIPA 4aIPS 4aEnsiklopedia pendidikan untuk pelajar 4aReferensi belajar IPA dan IPS0 aSisilia RiniePenerjemah0 aBayu NugrohoePenerjemah0 aJohan AgustonePenyunting0 aRizky R.ePenyunting0 aRahmat SalimePenyunting0 aM. SuriantoePenyunting aJilid ketiga ini berisi entri ensiklopedis dari Jepang hingga Musik, mencakup: • IPA: pengetahuan tentang geografi Jepang, fenomena alam, teknologi, serta konsep fisika dan biologi terkait. • IPS: sejarah Jepang, kebudayaan, hubungan internasional, serta perkembangan sosial. • Musik: konsep dasar musik, instrumen, teori nada, serta peran musik dalam kehidupan sosial dan budaya. • Disusun dengan bahasa populer, ringkas, dan visual, sehingga memudahkan pelajar memahami konsep dasar. • Cocok sebagai referensi tambahan untuk siswa SMP/SMA dan koleksi perpustakaan sekolah. aJakarta :bPT LENTERA ABADI,c2017 2rdacontentateks 2rdamediaatanpa perantara 2rdacarrieravolume aThe Kingfisher Children's Encyclopedia a7583